Holiday Quiz

Random Holiday or Animal Quiz
Score 0/20 Timer 03:00
2 Plays Today
Question Answer Wrong Answers
Ostrich Neither
89.9%
Zodiac
1%
Chinese
2.4%
Both
0.4%
Rat Chinese
89.1%
Zodiac
0.9%
Both
2.2%
Neither
1.3%
Squid Neither
88.9%
Zodiac
1.7%
Chinese
2.5%
Both
0.5%
Butterfly Neither
88.4%
Zodiac
1.6%
Chinese
3.1%
Both
0.6%
Monkey Chinese
87.8%
Zodiac
0.9%
Both
3%
Neither
2.2%
Rooster Chinese
86.3%
Zodiac
1.2%
Both
3.1%
Neither
2.9%
Pig Chinese
84.9%
Zodiac
1%
Both
3.5%
Neither
4.3%
Rabbit Chinese
84.5%
Zodiac
1.2%
Both
3.8%
Neither
4.4%
Tiger Chinese
82.1%
Zodiac
1.5%
Both
5.4%
Neither
4.6%
Elephant Neither
81.8%
Zodiac
1.7%
Chinese
9.3%
Both
1%
Dog Chinese
81.7%
Zodiac
1.3%
Both
7.3%
Neither
3.5%
Scorpion Zodiac
80%
Chinese
2.6%
Both
6.6%
Neither
4.9%
Panda Neither
79%
Zodiac
0.9%
Chinese
13.1%
Both
0.6%
Crab Zodiac
78.6%
Chinese
2.3%
Both
7.1%
Neither
5.9%
Bovine
Bull, Bison, Ox, etc.
Both
75.2%
Zodiac
6%
Chinese
11.2%
Neither
1.4%
Fox Neither
69.4%
Zodiac
3.3%
Chinese
19.5%
Both
1.6%
Fish Zodiac
62.8%
Chinese
2.9%
Both
22.2%
Neither
6.1%
Lion Zodiac
60.5%
Chinese
5.1%
Both
19.9%
Neither
8.5%
Goat Both
45.3%
Zodiac
18.1%
Chinese
24.6%
Neither
6.1%
Horse Both
21.2%
Zodiac
3.7%
Chinese
61.4%
Neither
8%
Remove Ads.
Support Sporcle.
Get the best of Sporcle when you Go Orange. This ad-free experience offers more features, more stats, and more fun while also helping to support Sporcle. Thank you for becoming a member.

You're not logged in!

Compare scores with friends on all Sporcle quizzes.
OR
Log In

Sporcle TV

Today on Sporcle TV


Watch our educational content, quiz creation guides, and fun videos on Sporcle TV.

Show Comments

Extras

Top Quizzes Today


Score Distribution

Paid Content

Your Account Isn't Verified!

In order to create a playlist on Sporcle, you need to verify the email address you used during registration. Go to your Sporcle Settings to finish the process.

Report this User

Report this user for behavior that violates our Community Guidelines.

Details: